000 01168nam0a2200325 4500
001 RU\NLR\ONL2\1816
005 20250613124401.0
035 _a(NLR Aleph) 009649420
090 _a9570879
_c9570879
100 _a20040126d2002 |||y0rusy50 ca
101 0 _akbd
102 _aRU
105 _ay |||||||||
200 1 _aШыхулъагъуэ
_eУсыгъэхэр
_f[Лыкъуэжь Н., Къэгъэзэджь Л., Щэрдан Хь. и др.
_gРед.-сост.П. М. Хатуев]
210 _aНалшык
_cЭльбрус
_d2002
215 _a182,[1] c.
_d17
327 1 _aАвт. являются также: Беслъэней Н., Тхьэгъэпсу У., Джыназ Л., Къэжэр Ф.
541 1 _aМлечный путь
_eСтихотворения
_zrus
686 1 _aШ6(2=К)7-5
701 1 _aЛыкъуэжь
_bН.
_4070
701 1 _aКъэгъэзэджь
_bЛ.
_4070
701 1 _aЩэрдан
_bХь.
_4070
702 1 _aХатуев
_bП. М.
_4220
801 0 _aRU
_bNLR
_c20040126
_gPSBO
852 _aNLR
_bОНЛ
_jКабар./2-1182
942 _cBOOK
980 _aNB
980 _aONL_RF